The Overseas Chinese in ASEAN : (Record no. 10182)

MARC details
000 -LEADER
fixed length control field 00775nam a22002297i 4500
003 - CONTROL NUMBER IDENTIFIER
control field URS
005 - DATE AND TIME OF LATEST TRANSACTION
control field 20230616132632.0
008 - FIXED-LENGTH DATA ELEMENTS--GENERAL INFORMATION
fixed length control field 160925b xxu||||| |||| 00| 0 eng d
020 ## - INTERNATIONAL STANDARD BOOK NUMBER
International Standard Book Number 9715550096
040 ## - CATALOGING SOURCE
Description conventions rda
Transcribing agency URS
Language of cataloging English
050 ## - LIBRARY OF CONGRESS CALL NUMBER
Classification number DS732
Item number .L629 1994
100 ## - MAIN ENTRY--PERSONAL NAME
Personal name Limlingan, Victor Simpao,
Relator term author.
9 (RLIN) 4733
245 ## - TITLE STATEMENT
Title The Overseas Chinese in ASEAN :
Remainder of title business strategies and management practices /
Statement of responsibility, etc Victor Simpao Limlingan.
264 #1 - PUBLICATION, DISTRIBUTION, ETC. (IMPRINT)
Place of publication, distribution, etc Manila :
Name of publisher, distributor, etc De La Salle University Press,
Date of publication, distribution, etc ©1994.
300 ## - PHYSICAL DESCRIPTION
Extent iii, 166 pages ;
Dimensions 23 cm.
336 ## - CONTENT TYPE
Content type term text
Content type code txt
Source rdacontent
337 ## - MEDIA TYPE
Media type term unmediated
Media type code n
Source rdamedia
338 ## - CARRIER TYPE
Carrier type term volume
Carrier type code nc
Source rdacarrier
650 #0 - SUBJECT ADDED ENTRY--TOPICAL TERM
Topical term or geographic name as entry element Chinese in foreign countries.
9 (RLIN) 4734
650 #0 - SUBJECT ADDED ENTRY--TOPICAL TERM
Topical term or geographic name as entry element Chinese in South East Asia.
9 (RLIN) 4735
942 ## - ADDED ENTRY ELEMENTS (KOHA)
Source of classification or shelving scheme Library of Congress Classification
Koha item type Filipiniana
Holdings
Withdrawn status Lost status Source of classification or shelving scheme Damaged status Not for loan Collection code Home library Current library Shelving location Date acquired Source of acquisition Total Checkouts Full call number Barcode Date last seen Copy number Koha item type
    Library of Congress Classification     Non-fiction Taytay College Library Taytay College Library Filipiniana Section 11/16/2007 Purchased   DS732 .L629 1994 URSTAY-837 06/02/2025 1 Filipiniana
    Library of Congress Classification     Non-fiction Taytay College Library Taytay College Library Filipiniana Section 11/16/2007 Purchased   DS732 .L629 1994 URSTAY-838 06/02/2025 2 Filipiniana
    Library of Congress Classification     Non-fiction Taytay College Library Taytay College Library Filipiniana Section 11/16/2007 Purchased   DS732 .L629 1994 URSTAY-841 06/02/2025 3 Filipiniana
    Library of Congress Classification     Non-fiction Taytay College Library Taytay College Library Filipiniana Section 11/16/2007 Purchased   DS732 .L629 1994 URSTAY-842 06/02/2025 4 Filipiniana
    Library of Congress Classification     Non-fiction Taytay College Library Taytay College Library Filipiniana Section 11/16/2007 Purchased   DS732 .L629 1994 URSTAY-896 06/02/2025 5 Filipiniana

University of Rizal System
Email us at univlibservices@urs.edu.ph

Visit our Website www.urs.edu.ph/library